Balthazar: roman

Novela ambientada en Alejandría, Egipto durante la segunda guerra mundial, relata la historia de de Justine desde el punto de vista del protagonista Balthazar, quien va revelando varias cosas que Darley (protagonista de la primera novela) no veía o revelaba. Esta obra forma parte de la saga de cuatr...

Description complète

Enregistré dans:
Détails bibliographiques
Auteur principal: Durrell, Lawrence
Format: Livre
Langue:Undetermined
Publié: París, Francia Buchet - Chastel 1959
Sujets:
Tags: Ajouter un tag
Pas de tags, Soyez le premier à ajouter un tag!

MARC

LEADER 00000nam a2200000Ia 4500
008 170316s9999 xx 000 0 und d
040 |a cru BVZT 
090 |a 820 D-13b 
100 |a Durrell, Lawrence 
245 |a Balthazar: roman 
260 |a París, Francia 
260 |b Buchet - Chastel 
260 |c 1959 
300 |a 297 páginas 
520 |a Novela ambientada en Alejandría, Egipto durante la segunda guerra mundial, relata la historia de de Justine desde el punto de vista del protagonista Balthazar, quien va revelando varias cosas que Darley (protagonista de la primera novela) no veía o revelaba. Esta obra forma parte de la saga de cuatro libros del autor, siendo esta la continuación directa de Justine, la primera historia. 
650 |a LITERATURA FRANCESA  |9 109 
650 |a NOVELA  |9 13 
999 |c 6829  |d 6829 
942 |c 15 D  |h 820 D-13b  |2 z